Impacto ambiental de incendios forestales /
Se reúne el conocimiento de diversos especialistas sobre el tema para describir la experiencia desde diversas perspectivas del manejo de los incendios forestales, especialmente el impacto causado por los mismos con respecto a diversos recursos y el uso de la quema controlada de tierras de cultivo pa...
Uloženo v:
| Hlavní autor: | |
|---|---|
| Médium: | Kniha |
| Jazyk: | španělština |
| Vydáno: |
México :
Mundi-Prensa,
2009, c2009
|
| Témata: | |
| Tagy: |
Žádné tagy, Buďte první, kdo vytvoří štítek k tomuto záznamu!
|
MARC
| LEADER | 00000nam^a2200000^a^4500 | ||
|---|---|---|---|
| 001 | 000307389 | ||
| 005 | 20250521000000.0 | ||
| 009 | 20260310112845.677 | ||
| 020 | |a 978-607-7699-03-3 | ||
| 037 | |a Acervo ITESO - Biblioteca | ||
| 041 | |a ESP | ||
| 082 | |a 634. 9618 |b FLO | ||
| 100 | |a Flores Garnica, José Germán |e (coord.) | ||
| 245 | 1 | 0 | |a Impacto ambiental de incendios forestales / |c Coord. de J.G. Flores Garnica. |
| 264 | 4 | |a México : |b Mundi-Prensa, |c 2009, c2009 | |
| 300 | |a XIII, 325 p. | ||
| 336 | |a texto |b txt |2 rdacontenido | ||
| 337 | |a sin mediación |b n |2 rdamedio | ||
| 338 | |a volumen |b nc |2 rdasoporte | ||
| 520 | |a Se reúne el conocimiento de diversos especialistas sobre el tema para describir la experiencia desde diversas perspectivas del manejo de los incendios forestales, especialmente el impacto causado por los mismos con respecto a diversos recursos y el uso de la quema controlada de tierras de cultivo para la mejora de las mismas. Los impactos abordados son sobre el arbolado, en la regeneración, en la fauna, en el suelo, en el agua, en la calidad del aire y en el paisaje y la salud humana. | ||
| 649 | |a XX | ||
| 650 | |a Suelos - |x Degradación | ||
| 650 | |a Bosques - |z México - |x Incendios | ||
| 650 | |a Bosques - |x Incendios - |x Tema Principal | ||
| 650 | |a Bosques - |x Incendios - |x Prevención y Control | ||
| 650 | |a Fuego | ||
| 650 | |a Impacto Ambiental - |x Tema Principal | ||
| 650 | |a Ecosistemas | ||
| 650 | |a Ecología Forestal | ||
| 650 | |a Ingeniería Ambiental | ||
| 910 | |a Fondo General | ||
| 920 | |a Impresos - Libros | ||
| 930 | |a Colección General | ||
| 905 | |a 101 | ||
| 901 | |a 0500193573 |b IT1 |c ACC |i C127192 |u 20250521 | ||
| 902 | |a https://opac.biblio.iteso.mx/vufind/Record/000307389 | ||